| 000 | 00765cam a22002774a 4500 | ||
|---|---|---|---|
| 001 | 17090457 | ||
| 005 | 20180201072455.0 | ||
| 008 | 111220s2013 at a b 001 0 eng | ||
| 010 | _a 2011945801 | ||
| 020 | _a9781111830663 | ||
| 020 | _a1111830665 | ||
| 020 | _a9781111834517 (looseleaf ed.) | ||
| 020 | _a1111834512 (looseleaf ed.) | ||
| 040 |
_aDLC _cDLC _dDLC |
||
| 041 | _aeng | ||
| 042 | _apcc | ||
| 080 | _a159.9 RYC | ||
| 082 | _a159.9 RYC | ||
| 100 | 1 | _a48 | |
| 101 | _aPSI | ||
| 245 | 1 | 0 |
_aTheories of personality / _cRichard M. Ryckman. |
| 504 | _aIncludes bibliographical references (p. 473-505) and indexes. | ||
| 906 |
_a7 _bcbc _corignew _d2 _eepcn _f20 _gy-gencatlg |
||
| 942 |
_2ddc _cBK |
||
| 999 |
_c41532 _d41532 |
||